| 000 | 00989nam a2200265 i 4500 | ||
|---|---|---|---|
| 001 | 102529 | ||
| 003 | ES-MaACL | ||
| 005 | 20250828063250.0 | ||
| 007 | t| | ||
| 008 | 051117e1935 sp |rl 00110 spa | ||
| 080 | _a342(460)"19"(094) | ||
| 110 | 1 |
_aEspaña _93622 |
|
| 245 | 1 | 0 |
_aLeyes políticas de España : _bconcordadas y anotadas con la jurisprudencia del Tribunal de Garantías Constitucionales, doctrina de la Fiscalía General de la República / _c[por] José Serrano Pacheco |
| 260 |
_aMadrid : _bSuc. de Rivadeneyra, _c1935 |
||
| 300 |
_a312 páginas ; _c16 cm |
||
| 610 | 1 | 7 |
_aEspaña. _bTribunal de Garantias Constitucionales _9142256 |
| 650 | 4 |
_aDerecho político- _zEspaña _911758 |
|
| 655 | 4 |
_aLegislación _9226283 |
|
| 700 | 1 |
_aSerrano Pacheco, José _eann _9105785 |
|
| 710 | 2 |
_aSucesores de Rivadeneyra (Madrid) _eedt _9134822 |
|
| 852 | 4 |
_aES-MaACL _cSPP1 _jA-3744 |
|
| 942 |
_2udc _cMONOGRAFIA _n0 |
||
| 999 |
_c102529 _d102529 |
||